Creative canvas embroidery (Record no. 15930)

MARC details
000 -LEADER
fixed length control field 00659nam a2200229 i 4500
001 - CONTROL NUMBER
control field C2-0083518
003 - CONTROL NUMBER IDENTIFIER
control field PPAK
005 - DATE AND TIME OF LATEST TRANSACTION
control field 20180727085519.0
008 - FIXED-LENGTH DATA ELEMENTS--GENERAL INFORMATION
fixed length control field 970429s1990 at a|||| ||||| | eng d
040 ## - CATALOGING SOURCE
Original cataloging agency PPAK
Language of cataloging eng
Transcribing agency PPAK
Description conventions rda
082 04 - DEWEY DECIMAL CLASSIFICATION NUMBER
Classification number 746.442
Edition number 23
090 00 - LOCALLY ASSIGNED LC-TYPE CALL NUMBER (OCLC); LOCAL CALL NUMBER (RLIN)
Classification number (OCLC) (R) ; Classification number, CALL (RLIN) (NR) 746.442
Feature heading MIT
Feature heading R
100 1# - MAIN ENTRY--PERSONAL NAME
Personal name Mitrofanis, Effie,
Relator term author
245 10 - TITLE STATEMENT
Title Creative canvas embroidery
264 #1 - PRODUCTION, PUBLICATION, DISTRIBUTION, MANUFACTURE, AND COPYRIGHT NOTICE
Place of production, publication, distribution, manufacture Brookvale, New South Wales, Australia :
Name of producer, publisher, distributor, manufacturer Simon & Schuster ,
Date of production, publication, distribution, manufacture, or copyright notice 1990
300 ## - PHYSICAL DESCRIPTION
Extent 95 pages :
Other physical details illustrations ;
Dimensions 28 cm
336 ## - CONTENT TYPE
Source rdacontent
Content type term text
337 ## - MEDIA TYPE
Source rdamedia
Media type term unmediated
338 ## - CARRIER TYPE
Source rdacarrier
Carrier type term volume
650 10 - SUBJECT ADDED ENTRY--TOPICAL TERM
Topical term or geographic name entry element Canvas embroidery
942 ## - ADDED ENTRY ELEMENTS (KOHA)
-- dc
Koha item type Book
Holdings
Withdrawn Not for loan Current library Shelving location Date acquired Full call number Barcode Date last seen Koha item type
  Not For Loan Perpustakaan Alor Setar Rujukan Dewasa 14/07/1998 R 746.442 MIT A00107512 08/05/2018 Book
  Not For Loan Perpustakaan Alor Setar Rujukan Dewasa 14/07/1998 R 746.442 MIT A00107511 08/05/2018 Book